Zvrat v tržní situaci v mezinárodním obchodě surovinami a některé jeho implikace pro českou ekonomiku

Úvahy o priebehu cenovej explózie v medzinárodnom obchode s ropou a inými zdrojmi primárnej energie. Vývoj trhovej situácie v medzinárodnom obchode s kovmi a jej perspektívy. Faktory pôsobiace na vývoj trhovej situácie v medzinárodnom obchode s poľnohospodárskymi produktami.

Gespeichert in:
Bibliographische Detailangaben
1. Verfasser: Sereghyová, Jana
Format: Buchkapitel
Sprache:Tschechisch
Schlagworte:
Tags: Tag hinzufügen
Keine Tags, Fügen Sie das erste Tag hinzu!

MARC

LEADER 00000naa$a2200000$$$4500
001 0054200
005 20220928103020.5
041 0 |a cze 
044 |a CZ 
245 1 0 |a Zvrat v tržní situaci v mezinárodním obchodě surovinami a některé jeho implikace pro českou ekonomiku  |c Jana Sereghyová 
520 |a Úvahy o priebehu cenovej explózie v medzinárodnom obchode s ropou a inými zdrojmi primárnej energie. Vývoj trhovej situácie v medzinárodnom obchode s kovmi a jej perspektívy. Faktory pôsobiace na vývoj trhovej situácie v medzinárodnom obchode s poľnohospodárskymi produktami. 
610 2 0 |a suroviny 
610 2 0 |a kovy 
610 2 0 |a ropa 
610 2 0 |a ceny 
610 2 0 |a vývoj cenový 
610 2 0 |a Česko 
610 2 0 |a výrobky poľnohospodárske 
610 2 0 |a obchod medzinárodný 
100 1 |a Sereghyová, Jana